| 000 | 00689nam a2200205Ii 4500 | ||
|---|---|---|---|
| 003 | JO-AjNU | ||
| 008 | 230605s9999||||xx |||||||||||||| ||und|| | ||
| 017 | _a2005/6/1455 | ||
| 040 |
_aJO-AjNU _bara _erda _cJO-AjNU |
||
| 041 | _aara | ||
| 050 | 1 | 4 | _aDS36.88.H353 2006 |
| 100 | 3 |
_aحمدان، يوسف, _eauthor _952935 |
|
| 245 | 0 | 0 | _aالسراج: قراءات في كتب مختارة |
| 264 | 3 | 1 | _aعمان: دار اليازوري ، 2006 |
| 300 | _a122ص | ||
| 336 |
_atext _btxt _2rdacontent |
||
| 337 |
_aunmediated _bn _2rdamedia |
||
| 338 |
_avolume _bnc _2rdacarrier |
||
| 650 | 4 |
_aالبلاد العربية- الحياة الثقافية- القرن العشرين _952936 |
|
| 999 |
_aA23478 _c27046 _d27046 |
||